|
|
|
|
| LEADER |
00000nab a2200000 a 4500 |
| 001 |
vtls000802620 |
| 003 |
SK-MaSNL |
| 005 |
20260304104225.0 |
| 008 |
250429c2002 xo 0 slo |
| 015 |
|
|
|a SNBRB2002/09-26857
|
| 035 |
|
|
|a CLN000154275
|
| 035 |
|
|
|a urn:nbn:sk:snk-abaghf
|
| 035 |
|
|
|a (urnnbn)urn:nbn:sk:snk:ar-008pqk
|
| 035 |
|
|
|a (uuid)9bcc5932-3ca9-4881-9e82-7bcef6fbe502
|
| 040 |
|
|
|a SNKBUCL
|b slo
|c SNKBUCL
|e AACR2
|
| 041 |
0 |
|
|a slo
|
| 044 |
|
|
|a xo
|c SK
|
| 080 |
|
|
|a 82:929:885.4
|2 1997
|
| 080 |
|
|
|a 82:930.25
|2 1997
|
| 080 |
|
|
|a 930.25
|2 1997
|
| 080 |
|
|
|a 885.4:929
|2 1997
|
| 100 |
1 |
|
|a Baník, Anton Augustín,
|d 1900-1978
|4 aut
|9 119477
|
| 245 |
1 |
0 |
|a Realita, Teória, Prax
|c z listu Antona Augustína Baníka
|c pripravil Augustín Maťovčík
|
| 600 |
1 |
7 |
|a Gacek, Mikuláš,
|d 1895-1971
|2 snkbucl
|9 10648
|
| 600 |
1 |
7 |
|a Baník, Anton Augustín,
|d 1900-1978
|2 snkbucl
|9 119477
|
| 655 |
|
7 |
|a články z novín a časopisov
|2 snkbucl
|9 267496
|
| 700 |
1 |
|
|a Maťovčík, Augustín,
|d 1937-
|4 com
|9 98490
|
| 700 |
1 |
|
|a Gacek, Mikuláš,
|d 1895-1971
|4 aut
|9 10648
|
| 773 |
0 |
|
|t Literárny týždenník
|g Roč. 15, č. 23 (2002), s. 9
|x 0862-5999
|
| 850 |
|
|
|a Slovenská národná knižnica
|
| 852 |
|
|
|a Slovenská národná knižnica
|
| 954 |
|
|
|a odborná, vedecká literatúra pôvodná (slovenská)
|2 lita
|
| 958 |
|
|
|a article14
|
| 958 |
|
|
|a LX
|
| 958 |
|
|
|a SK
|
| 958 |
|
|
|a OND
|
| 958 |
|
|
|a EUIPO
|
| 992 |
|
|
|a RBX
|
| 999 |
|
|
|c 2851021
|d 2852951
|